[Event "Mexico City Independence Cup 11th"]
[Site "Mexico City"]
[Date "2022.09.17"]
[Round "6"]
[White "Benitez Diaz, Francisco Javier"]
[Black "Davalos Prieto, Abel"]
[Result "1/2-1/2"]
[WhiteElo "1878"]
[BlackElo "2058"]
[PlyCount "47"]
[EventDate "2022.09.14"]
[EventType "tourn"]
[EventRounds "7"]
[EventCountry "MEX"]
[SourceTitle "CBM 210 Extra"]
[Source "ChessBase"]
[SourceDate "2022.11.30"]
[SourceVersion "1"]
[SourceVersionDate "2022.11.30"]
[SourceQuality "1"]

1. d4 d5 2. Nf3 Nf6 3. g3 c6 4. Bg2 Bf5 5. 0-0 h6 6. b3 e6 7. Bb2 Nbd7 8. Nbd2 Be7 9. Re1 0-0 10. c4 a5 11. a3 Ne4 12. Nxe4 Bxe4 13. c5 b5 14. Bh3 Bf5 15. Bxf5 exf5 16. Qd3 g6 17. Bc1 h5 18. h4 Re8 19. Bf4 a4 20. b4 Nf8 21. Rad1 Ne6 22. Bc1 Bf6 23. Bh6 Kh7 24. Bc1 1/2-1/2

[Event "Mexico City Latinoamericano op 1st"]
[Site "Mexico City"]
[Date "2021.11.05"]
[Round "2"]
[White "Ramirez Padilla, Miguel Angel"]
[Black "Benitez Diaz, Francisco Javier"]
[Result "1/2-1/2"]
[WhiteElo "2062"]
[BlackElo "1823"]
[PlyCount "55"]
[EventDate "2021.11.04"]
[EventType "swiss"]
[EventRounds "9"]
[EventCountry "MEX"]
[SourceTitle "EXT 2023"]
[Source "ChessBase"]
[SourceDate "2022.10.05"]
[SourceVersion "1"]
[SourceVersionDate "2022.10.05"]
[SourceQuality "1"]

1. e4 d6 2. d4 Nf6 3. Nc3 Nc6 4. h3 e5 5. Nf3 Be7 6. Bc4 0-0 7. 0-0 a6 8. a4 exd4 9. Nxd4 Nxd4 10. Qxd4 Be6 11. Bxe6 fxe6 12. e5 Nd7 13. exd6 cxd6 14. Qg4 Rf6 15. Be3 Rg6 16. Qe2 Qc7 17. a5 Re8 18. Rfd1 d5 19. Ra4 Qc6 20. Rg4 Rxg4 21. Qxg4 Bf6 22. Bd4 Bxd4 23. Qxd4 Nf6 24. Qe5 Nd7 25. Qd4 Nf6 26. Qe5 Nd7 27. Qd4 Nf6 28. Qe5 1/2-1/2

[Event "Mexico City Estelar Anniv-B 1st"]
[Site "Mexico City"]
[Date "2014.03.08"]
[Round "3"]
[White "Benitez Diaz, Francisco Javier"]
[Black "Alarcon Morales, Elvira"]
[Result "1-0"]
[WhiteElo "1995"]
[BlackElo "1939"]
[PlyCount "73"]
[EventDate "2014.03.07"]
[EventType "tourn"]
[EventRounds "5"]
[EventCountry "MEX"]
[SourceTitle "EXT 2018"]
[Source "ChessBase"]
[SourceDate "2017.10.13"]
[SourceVersion "1"]
[SourceVersionDate "2017.10.13"]
[SourceQuality "1"]

1. e4 e5 2. Nf3 Nc6 3. Be2 Nf6 4. d3 d5 5. Nbd2 Be7 6. 0-0 0-0 7. c3 Re8 8. Qc2 Bf8 9. b4 g6 10. a4 Bg7 11. b5 Nb8 12. c4 d4 13. c5 Bd7 14. Nc4 Nh5 15. Na5 b6 16. Nb7 Qf6 17. Bg5 Qe6 18. Nd8 Rxd8 19. Bxd8 Na6 20. Ng5 Qe8 21. Bxc7 Nxc5 22. Bxh5 gxh5 23. Bd6 Rc8 24. Bxc5 Rxc5 25. Qe2 f6 26. Qa2+ Kf8 27. Nxh7+ Ke7 28. Rac1 Be6 29. Qa3 Qc8 30. f4 Bg8 31. fxe5 Bxh7 32. exf6+ Bxf6 33. Rxc5 bxc5 34. a5 Qc7 35. Rb1 Qf4 36. Qxc5+ Ke8 37. Qxh5+ 1-0

[Event "Mexico City Estelar Anniv-B 1st"]
[Site "Mexico City"]
[Date "2014.03.08"]
[Round "2"]
[White "Luna Javier, Edgar Froylan"]
[Black "Benitez Diaz, Francisco Javier"]
[Result "1/2-1/2"]
[WhiteElo "1869"]
[BlackElo "1995"]
[PlyCount "117"]
[EventDate "2014.03.07"]
[EventType "tourn"]
[EventRounds "5"]
[EventCountry "MEX"]
[SourceTitle "EXT 2018"]
[Source "ChessBase"]
[SourceDate "2017.10.13"]
[SourceVersion "1"]
[SourceVersionDate "2017.10.13"]
[SourceQuality "1"]

1. d4 d5 2. Nf3 Nf6 3. g3 g6 4. Bg2 Bg7 5. 0-0 0-0 6. c4 c6 7. Nc3 Ne4 8. cxd5 Nxc3 9. bxc3 cxd5 10. Qb3 Nc6 11. Nd2 e6 12. e4 Na5 13. Qc2 b6 14. exd5 exd5 15. Bb2 Bf5 16. Qd1 Rc8 17. Qf3 Nc4 18. Nxc4 Be4 19. Qe2 Bxg2 20. Kxg2 Rxc4 21. Rfe1 Qd7 22. Qe3 h5 23. Re2 Rfc8 24. Qf3 R4c6 25. Rae1 Rf6 26. Qd3 Bf8 27. Bc1 Qc6 28. Bd2 Qd7 29. f4 Bd6 30. Rf1 Re8 31. Ref2 Re4 32. Rf3 Rf5 33. R1f2 Qa4 34. Be3 a6 35. h3 Qe8 36. Bd2 b5 37. Kh1 Rf6 38. Qf1 Rfe6 39. Kh2 f5 40. Qg2 Re2 41. g4 Rxd2 42. Rxd2 hxg4 43. hxg4 g5 44. Rdf2 Bxf4+ 45. Rxf4 Rh6+ 46. Kg1 gxf4 47. Qxd5+ Kg7 48. Qb7+ Kh8 49. Qf3 Qe1+ 50. Rf1 Qd2 51. Qxf4 Qxf4 52. Rxf4 fxg4 53. Rxg4 Rh3 54. Rg6 Rxc3 55. Rxa6 Rd3 56. Ra8+ Kg7 57. Rb8 Rxd4 58. Rxb5 Rd1+ 59. Kf2 1/2-1/2

[Event "Mexico City Estelar Anniv-B 1st"]
[Site "Mexico City"]
[Date "2014.03.07"]
[Round "1"]
[White "Enriquez Michel, Renato"]
[Black "Benitez Diaz, Francisco Javier"]
[Result "1/2-1/2"]
[WhiteElo "1902"]
[BlackElo "1995"]
[PlyCount "100"]
[EventDate "2014.03.07"]
[EventType "tourn"]
[EventRounds "5"]
[EventCountry "MEX"]
[SourceTitle "EXT 2018"]
[Source "ChessBase"]
[SourceDate "2017.10.13"]
[SourceVersion "1"]
[SourceVersionDate "2017.10.13"]
[SourceQuality "1"]

1. e4 d6 2. d4 Nf6 3. Nc3 c6 4. f4 g6 5. Nf3 Bg7 6. Bd3 0-0 7. e5 Nd5 8. Nxd5 cxd5 9. 0-0 Nc6 10. c3 Bg4 11. Qe1 Qc7 12. Qh4 Qc8 13. Ng5 h6 14. Nf3 Bf5 15. Bxf5 Qxf5 16. g4 Qd3 17. exd6 exd6 18. f5 g5 19. Bxg5 hxg5 20. Nxg5 Rfe8 21. Rad1 Qe3+ 22. Kh1 f6 23. Qh7+ Kf8 24. Ne6+ Rxe6 25. fxe6 Qe4+ 26. Qxe4 dxe4 27. Rf4 d5 28. g5 Ke7 29. Rdf1 Rf8 30. c4 Kxe6 31. cxd5+ Kxd5 32. gxf6 Bh8 33. Re1 Rxf6 34. Rexe4 Rxf4 35. Rxf4 Bxd4 36. b3 b5 37. Kg2 Be5 38. Rg4 a5 39. h4 Nb4 40. a4 bxa4 41. bxa4 Nc2 42. Kf3 Nd4+ 43. Ke3 Nf5+ 44. Kd3 Ke6 45. Rc4 Bf6 46. Rc5 Bxh4 47. Rxa5 Nd6 48. Rh5 Bf2 49. Rh2 Bc5 50. Rh6+ Kd7 1/2-1/2

[Event "Mexico City Coyoacan 4th"]
[Site "Mexico City"]
[Date "2013.11.10"]
[Round "5"]
[White "Luna Javier, Edgar Froylan"]
[Black "Benitez Diaz, Francisco Javier"]
[Result "1-0"]
[WhiteElo "1863"]
[BlackElo "2002"]
[PlyCount "77"]
[EventDate "2013.11.08"]
[EventType "tourn"]
[EventRounds "6"]
[EventCountry "MEX"]
[SourceTitle "EXT 2018"]
[Source "ChessBase"]
[SourceDate "2017.10.13"]
[SourceVersion "1"]
[SourceVersionDate "2017.10.13"]
[SourceQuality "1"]

1. d4 Nf6 2. c4 e6 3. Nf3 Be7 4. g3 0-0 5. Bg2 d5 6. 0-0 c6 7. Nc3 Nbd7 8. Qd3 Qc7 9. Bf4 Bd6 10. Bxd6 Qxd6 11. e4 dxe4 12. Nxe4 Nxe4 13. Qxe4 h6 14. Rad1 a5 15. Rd3 Rb8 16. Ne5 f5 17. Qe2 Nxe5 18. dxe5 Qc5 19. Rd6 a4 20. Rfd1 Ra8 21. R1d4 Ra5 22. Rd8 Kh7 23. Qd2 Ra8 24. Rxf8 Qxf8 25. Rd8 Qf7 26. Qd6 b5 27. Bxc6 Bb7 28. Rd7 Qf8 29. Rxb7 bxc4 30. Qxf8 Rxf8 31. Bxa4 Rc8 32. Bd7 Rc5 33. Rb5 Rc7 34. Bxe6 g6 35. Bd5 Rc8 36. Rb6 c3 37. bxc3 Rxc3 38. Rb7+ Kh8 39. e6 1-0

[Event "Fide Mercenarios 40th"]
[Site "Mexico City"]
[Date "1999.??.??"]
[Round "7"]
[White "Benitez Diaz, Francisco Javier"]
[Black "Albarran Capistran, Alejandro"]
[Result "1-0"]
[WhiteElo "2025"]
[BlackElo "2140"]
[PlyCount "81"]
[EventDate "1999.??.??"]
[EventType "tourn"]
[EventRounds "13"]
[EventCountry "MEX"]
[SourceTitle "EXT 2000"]
[Source "ChessBase"]
[SourceDate "1999.11.16"]
[SourceVersion "1"]
[SourceVersionDate "1999.11.16"]
[SourceQuality "1"]

1. d4 Nf6 2. Nf3 g6 3. g3 Bg7 4. Bg2 d6 5. 0-0 0-0 6. Nbd2 c5 7. c3 cxd4 8. cxd4 Nc6 9. e4 e5 10. dxe5 dxe5 11. b3 Qe7 12. Bb2 Rd8 13. Qe2 Nd7 14. Nc4 Nc5 15. Rfd1 Bg4 16. h3 Bxf3 17. Qxf3 Nd4 18. Bxd4 exd4 19. e5 b5 20. Na5 Qf8 21. Rac1 Ne6 22. Qd3 Rac8 23. Nc6 Rd7 24. Qxb5 Rdc7 25. Rc4 Qa3 26. Bd5 Bf8 27. Bxe6 fxe6 28. Nxd4 Rxc4 29. bxc4 Rc5 30. Qe8 Rxe5 31. Nxe6 Qf3 32. Qxf8+ Qxf8 33. Nxf8 Kxf8 34. Rd7 Ra5 35. Rxh7 Rxa2 36. c5 a5 37. c6 Rc2 38. c7 Ke8 39. Rg7 a4 40. Rxg6 Rxc7 41. Ra6 1-0

[Event "Fide Mercenarios 40th"]
[Site "Mexico City"]
[Date "1999.??.??"]
[Round "1"]
[White "Benitez Diaz, Francisco Javier"]
[Black "Anaya Echeverria, Javier"]
[Result "1/2-1/2"]
[WhiteElo "2065"]
[BlackElo "1980"]
[PlyCount "125"]
[EventDate "1999.??.??"]
[EventType "tourn"]
[EventRounds "13"]
[EventCountry "MEX"]
[SourceTitle "EXT 2000"]
[Source "ChessBase"]
[SourceDate "1999.11.16"]
[SourceVersion "1"]
[SourceVersionDate "1999.11.16"]
[SourceQuality "1"]

1. d4 Nf6 2. Nd2 d5 3. Ngf3 Nbd7 4. g3 e6 5. Bg2 c5 6. e3 Be7 7. 0-0 0-0 8. b3 Qc7 9. Bb2 b6 10. c4 Bb7 11. Rc1 dxc4 12. Nxc4 Rfd8 13. Nfe5 Bxg2 14. Kxg2 Qb7+ 15. Qf3 Qxf3+ 16. Kxf3 Rac8 17. Rfd1 h6 18. Nxd7 Rxd7 19. dxc5 Rxc5 20. e4 Rdc7 21. Be5 Rc8 22. Bd4 R5c6 23. Be3 Nh7 24. h4 Bc5 25. Ne5 R6c7 26. Bxc5 bxc5 27. Nc4 Nf6 28. Rd2 Rd7 29. Rcd1 Rxd2 30. Rxd2 Kf8 31. g4 Ke7 32. Ne5 Rc7 33. Ke3 Nd7 34. Nxd7 Rxd7 35. Rc2 Rc7 36. Kd3 Kd6 37. f4 f6 38. Kc4 Kc6 39. Rd2 Rb7 40. a3 a6 41. e5 Kc7 42. Rd3 Rb5 43. g5 hxg5 44. hxg5 fxe5 45. fxe5 Rb6 46. g6 Rb8 47. Rf3 Rd8 48. Rf7+ Kc6 49. Rxg7 Rd4+ 50. Kc3 Rg4 51. a4 Kd5 52. Ra7 Rxg6 53. Rxa6 Rg3+ 54. Kb2 Kd4 55. Kc2 Kd5 56. Ra8 Rg2+ 57. Kc3 Rg3+ 58. Kb2 Rg2+ 59. Ka3 Kxe5 60. a5 Rg6 61. Ka4 Rg4+ 62. Ka3 Rg6 63. Rd8 1/2-1/2